000 00333nam a2200133Ia 4500
008 240624s9999 xx 000 0 und d
041 _aeng
082 _a920 SHE
100 _aSHEWAN M A
245 _aM G RAMACHANDRAN
260 _c2012
_aMumbai
_bHimalaya Publishing House
300 _aix, : 254 : p. : cm. ; 22
365 _cRS
_b30
999 _c19541
_d19541